Statistics for Taylor Swift Songs Starting with M

Click here to take the quiz!

General Stats

  • This quiz has been taken 305 times
  • The average score is 10 of 16

Answer Stats

Song% Correct
ME! (feat. Brendon Urie of Panic! At The Disco)
92%
Mine
85%
Mean
79%
marjorie
75%
Mastermind
70%
Mary’s Song (Oh My My My)
68%
Midnight Rain
68%
The Man
67%
Maroon
65%
mad woman
62%
mirrorball
61%
my tears ricochet
57%
Miss Americana & The Heartbreak Prince
55%
Message In A Bottle (Taylor's Version) [From The Vault]
45%
The Moment I Knew (Taylor's Version)
41%
Mr. Perfectly Fine (Taylor's Version) [From the Vault]
3%

Score Distribution

Percentile by Number Answered

Percent of People with Each Score

Your Score History

You have not taken this quiz